• 首页
  • 本馆介绍
  • 公告通知
  • 最新文献
  • 馆藏检索
  • 电子资源
  • 读者导购
  • 参考咨询
  • 我的图书馆
  • 登录
  • 详细信息显示
  • 放入我的书架
  • 预约/预借图书
  • 作者相关作品
  • 分类相关作品
  • 丛书相关作品
  • 出版社相关作品

书目信息

  • 表格格式
  • 工作单格式
  • 卡片格式
题名:
现代心理与教育统计学
    
 
作者: 徐建平 , 张厚粲 著
分册:  
出版信息: 北京   北京师范大学出版社  2004
页数: 505
开本: 23cm
丛书名:
单 册:
中图分类: B841.2
科图分类:
主题词: 心理学研究方法
电子资源:
ISBN: 978-7-303-00039-5
000 00607nam0 2200193 450
001 0760515518
005 20070817164835.51
010    @a978-7-303-00039-5@d¥45.00
100    @a20070817d km y0chiy0120 ea
101 0  @achi
200 1  @a现代心理与教育统计学@Axian dai xin li yu jiao yu tong ji xue@f张厚粲,徐建平著@Fzhang hou can,xu jian ping zhu
210    @a北京@c北京师范大学出版社@d2004
215    @a505@d23cm
606 0  @a心理学研究方法
690    @aB841.2@v3
701  0 @a徐建平@Axu jian ping@4著
701  0 @a张厚粲@Azhang hou can@4著
801  0 @aCN@bPFT@c20070817
905    @a213230@dB841.2@eg25@f1
    
    现代心理与教育统计学/张厚粲,徐建平著.-北京:北京师范大学出版社,2004
    505;23cm
    
    
    ISBN 978-7-303-00039-5:¥45.00
    
●
相关链接 在E读中查询图书 在五车中查询图书 在当当中查询图书 在豆瓣中查询图书


正题名:现代心理与教育统计学     索取号:B841.2/g25         预约/预借

序号 登录号 条形码 馆藏地/架位号 状态 备注
1 6503543   265035437   经管系资料室/ [索取号:B841.2/g25] 在馆    
2 6503544   265035446   经管系资料室/ [索取号:B841.2/g25] 在馆    
3 6503545   265035455   经管系资料室/ [索取号:B841.2/g25] 在馆    
唐山师范学院图书馆 欢迎您!
大连网信软件有限公司© 版权所有